LEADER 00785nam0-22003011i-450- 001 990001012360403321 010 $a416-11780-5 035 $a000101236 035 $aFED01000101236 035 $a(Aleph)000101236FED01 035 $a000101236 100 $a20000920d1970----km-y0itay50------ba 101 0 $aeng 200 1 $aNuclear Reactions$fDaphne F. Jackson 210 $aLondon$cMethuen$d1970 610 0 $aFisica nucleare 610 0 $aRadioattività 676 $a539.74$a539.752 700 1$aJackson,$bDaphne F.$044666 801 0$aIT$bUNINA$gRICA$2UNIMARC 901 $aBK 912 $a990001012360403321 952 $a34AI-132$b7227$fFI1 952 $a34AI-132.001$b8976$fFI1 959 $aFI1 996 $aNuclear reactions$9189361 997 $aUNINA DB $aING01 LEADER 00785nam0-22002771i-450- 001 990000053520403321 005 20161031084203.0 035 $a000005352 035 $aFED01000005352 035 $a(Aleph)000005352FED01 035 $a000005352 100 $a20020821d--------km-y0itay50------ba 101 0 $aita 105 $ay-------001yy 200 1 $aEtude sur les transporteurs aeriens$ecalcul, construction et monographies de transporteurs par cables aeriens$fL.Pierre. 210 $aParis$cCh. Beranger$d1909 215 $a153, 16 p.$cill.$d25 cm 610 0 $aTeleferiche 676 $a625.5 700 1$aPierre,$bL. 801 0$aIT$bUNINA$gRICA$2UNIMARC 901 $aBK 912 $a990000053520403321 952 $a13 P 35 20$b437$fFINBC 959 $aFINBC 997 $aUNINA LEADER 01349nam--2200385---450- 001 990002911390203316 005 20070426132649.0 035 $a000291139 035 $aUSA01000291139 035 $a(ALEPH)000291139USA01 035 $a000291139 100 $a20070426d1966----km-y0itay50------ba 101 $afre 102 $aPO 105 $a||||||||001yy 200 1 $aArchaeologia urbium$eCorpus des ensembles archeologiques des villes du hau moyen age$ePologne$fpublié par le comitè de recherches sur les origines des villes sous la direction de Witold Hensel 210 $aWarszawa$cPanstwowe Wydawnictwo Naukowe$d1966- 215 $av.$d35 cm 300 $aIn testa al front. : Union Internationale des Sciences Prehistoriques et Protohistoriques 327 1 $a : La ville de Szczecin de 9.-13. siècles / par L. Leciejewicz...[et al.], 1972 410 0$12001 454 1$12001 461 1$1001-------$12001 517 $a<> ville de Szczecin de 9.-13. siècles 606 0 $aArcheologia$yPolonia$zSec. 9.-13. 676 $a943.8 700 1$aHENSEL,$bWitold$0155572 801 0$aIT$bsalbc$gISBD 912 $a990002911390203316 951 $aC II d 11$bDLM$cC II 959 $aBK 969 $aDILAM 979 $aDILAM$b90$c20070426$lUSA01$h1326 996 $aArchaeologia urbium$9988507 997 $aUNISA